Obsluha a údržba hydraulických rúk v lesnom hospodárstve

Bibliographic Details
Main Authors: Bartoška, Jozef (Author), Urban, Cyril (Author), Majer, Daniel (Author)
Format: Book
Language:Slovak
PhysicalDescription:119 s. Sch., tab. 21 cm
Published: Zvolen Ústav pre výchovu a vzdelávanie pracovníkov lesného a vodného hospodárstva SR 1996
ISBN:8088677378
Subjects:

MARC

LEADER 00000nam a2200000 a 4500
001 vtls001217416
003 SK-MaSNL
005 20260301063657.0
008 240318s1996 xo ap r yy slo
015 |a SNBA1996/0701920 
020 |a 8088677378  |c (700 výt.) 
035 |a SNK000160547 
035 |a urn:nbn:sk:snk-amkf2b 
035 |a urn:nbn:sk:snk-am003ujt 
035 |a 53365436-CEFE-4375-80FE-51328EAD9802 
040 |a SNK  |b slo  |c SNK  |e AACR2 
041 0 |a slo 
044 |a xo  |c SK 
080 |a 621.873.3:629.119.4(035)  |2 1981 
100 1 |a Bartoška, Jozef  |4 aut  |9 8679 
245 1 0 |a Obsluha a údržba hydraulických rúk v lesnom hospodárstve  |c Jozef Bartoška, Cyril Urban, Daniel Majer 
260 |a Zvolen  |b Ústav pre výchovu a vzdelávanie pracovníkov lesného a vodného hospodárstva SR  |c 1996 
300 |a 119 s.  |b Sch., tab.  |c 21 cm 
504 |a Bibliogr. s. 117-119 
650 0 7 |a ruky hydraulické  |x hospodárstvo lesné  |x obsluha a údržba  |x príručky  |2 SNK  |9 379840 
655 7 |a príručky  |2 SNK  |9 74364 
700 1 |a Urban, Cyril  |4 aut  |9 8311 
700 1 |a Majer, Daniel  |4 aut  |9 45479 
919 |a 80-88677-37-8 
958 |a TL 
958 |a NB 
999 |c 624674  |d 626604 
952 |t P60, <09>, [BOOK], {629}  |a SNK  |b SNK  |y NEVYP  |7 0  |o snkC 971  |i snk1820/960520  |0 0  |1 0  |4 0  |d 1996-05-17  |l 0  |r 2005-01-01 00:00:00  |w 2026-02-23 
952 |t P60, <03>, [BOOK], {603}  |a SNK  |b SNK  |y PREZ  |7 0  |p 17A0004180  |o snkSC 90572  |i snkKSP 4483/96  |0 0  |1 0  |4 0  |d 1996-05-17  |f 1  |l 0  |r 2025-09-09 00:00:00  |w 2026-02-23 
952 |t P60, <04>, [BOOK], {604}  |a SNK  |b SNK  |y VYP  |7 0  |p 17A0004181  |o snkSC 90572 D1  |i snkKSP 4484/96  |0 0  |1 0  |4 0  |d 1996-05-17  |l 0  |r 2005-01-01 00:00:00  |w 2026-02-23